00585nam a2200205 a 4500008004100000020002200041245008300063250001200146260004200158300003400200500002000234650002300254700001700277700002100294700001800315700001900333003000100352005001700353040000900370  a0443100497 (pbk.)10aFinal MB :ba guide to success in clinical medicine /cH.R. Dalton... [et al.] a4th ed. aEdinburgh :bElsevier Limited,c2005. avii, 284 p. :bill. ;c22 cm. aIncludes index. 1aClinical medicine. aDalton. H.R. aMcGovern, D.P.B. aNoble, S.I.R. aReynolds. N.J.20230123125132.0 cNUST